Bible Pairs - Statistics

General Stats
  • This quiz has been taken 55 times
  • The average score is 11 of 20
Answer Stats
Relationship Pair % Correct
Couple Adam and {Eve}
100%
Couple Mary and {Joseph}
100%
Brothers Cain and {Abel}
96%
Enemies David and {Goliath}
92%
Father and Son {Abraham} and Isaac
75%
Brothers {Moses} and Aaron
71%
Mother/Daughter-in-law Naomi and {Ruth}
63%
Fellow Prophets Elijah and {Elisha}
59%
Friends {David} and Jonathan
57%
Couple Zechariah and {Elizabeth}
49%
Brothers John (the beloved) and {James}
45%
Sisters Mary and {Martha}
45%
Wives of the same person Rachael and {Leah}
45%
Cousins Mordecai and {Esther}
39%
Fellow Spies Caleb and {Joshua}
35%
Couple Priscilla and {Aquila}
29%
Evil couple {Ahab} and Jezebel
24%
Lying Couple Ananias and {Sapphira}
24%
Imprisoned friends Paul and {Silas}
24%
God-fearing midwives Puah and {Shiphrah} (starts with 'S')
8%
No matching quizzes found
Score Distribution
Percent of People with Each Score
Percentile by Number Answered
Your Score History
You have not taken this quiz